[Event "Vilafranca del Penedes op 6th"]
[Site "Vilafranca del Penedes"]
[Date "2012.05.18"]
[Round "6"]
[White "Mateu Valentines, Josep Antoni"]
[Black "Palacios Perez, Manuel"]
[Result "0-1"]
[WhiteElo "1866"]
[BlackElo "2184"]
[PlyCount "64"]
[EventDate "2012.04.13"]
[EventType "swiss"]
[EventRounds "8"]
[EventCountry "ESP"]
[SourceTitle "CBM 148 Extra"]
[Source "ChessBase"]
[SourceDate "2012.06.22"]
[SourceVersion "1"]
[SourceVersionDate "2012.06.22"]
[SourceQuality "1"]

1. d4 d5 2. c4 Nc6 3. e3 Nf6 4. Nf3 e6 5. Nc3 Bb4 6. Bd2 0-0 7. a3 Bd6 8. c5 Be7 9. b4 a6 10. Be2 Ne4 11. 0-0 Bf6 12. Qc2 Nxd2 13. Qxd2 e5 14. dxe5 Nxe5 15. Nxe5 Bxe5 16. f4 Bxc3 17. Qxc3 Bf5 18. Bf3 c6 19. Rad1 Re8 20. Rfe1 Be4 21. Bxe4 Rxe4 22. g3 Qe7 23. Rd4 Re8 24. Rxe4 Qxe4 25. Kf2 h5 26. Qd4 Qf5 27. Rd1 Qh3 28. Rh1 h4 29. g4 Re4 30. Qd2 d4 31. exd4 Qxg4 32. Rf1 h3 0-1

[Event "Vilafranca del Penedes op 4th"]
[Site "Vilafranca del Penedes"]
[Date "2010.04.23"]
[Round "2.6"]
[White "Rodriguez Becerro, Miquel"]
[Black "Mateu Valentines, Josep Antoni"]
[Result "1-0"]
[WhiteElo "2101"]
[BlackElo "1859"]
[PlyCount "47"]
[EventDate "2010.04.16"]
[EventType "swiss"]
[EventRounds "8"]
[EventCountry "ESP"]
[SourceTitle "EXT 2024"]
[Source "ChessBase"]
[SourceDate "2023.10.10"]
[SourceVersion "1"]
[SourceVersionDate "2023.10.10"]
[SourceQuality "1"]

1. d4 d5 2. c4 e6 3. Nf3 Nf6 4. Nc3 Nc6 5. c5 b6 6. b4 bxc5 7. bxc5 Be7 8. h3 0-0 9. Bf4 a6 10. e3 Rb8 11. Bd3 Nh5 12. Bh2 f5 13. 0-0 g6 14. Qe2 a5 15. a3 Bd7 16. Rab1 f4 17. e4 Bf6 18. exd5 Nxd4 19. Nxd4 Bxd4 20. dxe6 Bxc3 21. e7 Qe8 22. exf8Q+ Qxf8 23. c6 Bf5 24. Rxb8 1-0

[Event "Mollet del Valles A"]
[Site "Mollet del Valles"]
[Date "2009.10.16"]
[Round "3.2"]
[White "Rafols Albet, Josep"]
[Black "Mateu Valentines, Josep Antoni"]
[Result "1-0"]
[WhiteElo "2075"]
[BlackElo "1884"]
[PlyCount "82"]
[EventDate "2009.10.02"]
[EventType "swiss"]
[EventRounds "9"]
[EventCountry "ESP"]
[SourceTitle "EXT 2024"]
[Source "ChessBase"]
[SourceDate "2023.10.10"]
[SourceVersion "1"]
[SourceVersionDate "2023.10.10"]
[SourceQuality "1"]

1. b3 b6 2. Bb2 Bb7 3. e3 e6 4. Nf3 Nf6 5. Be2 Be7 6. 0-0 0-0 7. d4 d5 8. Nbd2 Nbd7 9. Rc1 Rc8 10. Bd3 c5 11. c4 Bd6 12. Bb1 Bb8 13. Re1 Ne4 14. cxd5 exd5 15. Nf1 Ndf6 16. Ng3 Re8 17. Ne5 Nd7 18. Nxd7 Qxd7 19. dxc5 Nxg3 20. hxg3 bxc5 21. Qh5 h6 22. Bf5 Re6 23. Bxe6 fxe6 24. Be5 Bd6 25. Bxd6 Qxd6 26. g4 Ba6 27. g5 hxg5 28. Qxg5 Bd3 29. Red1 Ba6 30. Rc3 d4 31. exd4 cxd4 32. Rg3 Rc7 33. Qg6 Re7 34. Rg4 d3 35. Rh4 Qe5 36. Qh7+ Kf7 37. g3 Qe2 38. Rf4+ Ke8 39. Qg8+ Kd7 40. Rd4+ Kc6 41. Rc1+ Kb6 1-0

[Event "Mollet del Valles A"]
[Site "Mollet del Valles"]
[Date "2009.10.02"]
[Round "1.11"]
[White "Fuentes Giner, Enrique"]
[Black "Mateu Valentines, Josep Antoni"]
[Result "0-1"]
[WhiteElo "1445"]
[BlackElo "1884"]
[PlyCount "100"]
[EventDate "2009.10.02"]
[EventType "swiss"]
[EventRounds "9"]
[EventCountry "ESP"]
[SourceTitle "EXT 2024"]
[Source "ChessBase"]
[SourceDate "2023.10.10"]
[SourceVersion "1"]
[SourceVersionDate "2023.10.10"]
[SourceQuality "1"]

1. c4 c5 2. Nc3 Nc6 3. Nf3 g6 4. e4 d6 5. d3 Bg7 6. Be2 Nf6 7. h3 0-0 8. 0-0 a6 9. Be3 Bd7 10. Qc1 e5 11. Bh6 Be6 12. Bxg7 Kxg7 13. Ng5 Nd4 14. Nxe6+ fxe6 15. Bd1 Nd7 16. Ne2 Qh4 17. Nxd4 cxd4 18. Qd2 a5 19. Ba4 Nc5 20. Bd1 Qf4 21. Qxf4 Rxf4 22. Bc2 h5 23. f3 h4 24. a3 a4 25. Kf2 Ra6 26. Ke2 Rb6 27. Rab1 Kh6 28. Rg1 Ra6 29. Rgf1 Ra8 30. Rg1 Rf6 31. Rgf1 Kg5 32. Rg1 Raf8 33. b3 axb3 34. Bxb3 Ra8 35. a4 Rf7 36. Bc2 Nxa4 37. Bxa4 Rxa4 38. Rb2 Rd7 39. Rgb1 Ra7 40. Kf2 d5 41. cxd5 exd5 42. Kg1 dxe4 43. fxe4 Ra3 44. Rb3 Rxb3 45. Rxb3 Rc7 46. Kf2 Kf4 47. Rb2 g5 48. Ke1 Ke3 49. Kd1 Kxd3 50. Re2 Rc1+ 0-1